000 00498nam a2200193Ia 4500
008 210417s9999 xx 000 0 und d
020 _a9789351509714
020 _b9351509710
082 _a954.604 AMA
082 _b22.954.604 AMA
245 0 _aUnravelling the Kashmir knot
245 0 _cUnravelling the Kashmir knot
250 _b"xxiii, 386 p. ; 23 cm., hbk."
260 _aLondon
260 _bSage
260 _c2016
700 _aAman M Hingorani
700 _bby Aman M Hingorani.
999 _c488555
_d488555